Návrh poldra

Saved in:
Bibliographic Details
Main Author: Bagi, Marek, 1992- (Author)
Other Authors: Minárik, Marián, 1977- (Thesis advisor)
Format: Manuscript Book
Language:Slovak
Published: Bratislava : STU v Bratislave SvF, 2014
Subjects:
Online Access:VAIS
https://opac.crzp.sk/?fn=detailBiblioForm&sid=CBD6E88493DC1C70E87638276299
Tags: Add Tag
No Tags, Be the first to tag this record!

MARC

LEADER 00000ntm a22000003a 4500
001 stu297699
005 20230822121622.2
008 140919s2014----xo------------------slo-d
040 |a STU  |b slo 
041 0 |a slo 
044 |a xo 
100 1 |a Bagi, Marek,  |d 1992-  |4 aut  |u V  |T SvF Stavebná fakulta  |X 9269  |U V  |Y 10  |7 A000009269 
242 0 0 |a Design of polder  |y eng 
245 1 |a Návrh poldra 
260 |a Bratislava :  |b STU v Bratislave SvF,  |c 2014 
650 7 |a flood  |2 estusub 
650 7 |a polder  |2 stusub 
650 7 |a polder  |2 estusub 
650 7 |a flood protection  |2 estusub 
650 7 |a polder  |2 stusub 
650 7 |a polder  |2 estusub 
650 7 |a povodeň  |2 stusub 
700 1 |a Minárik, Marián,  |d 1977-  |4 ths  |u V150  |U SvF Stavebná fakulta  |T SvF Katedra geotechniky  |X 785  |U V150  |Y 15  |7 A000000785 
856 4 |a info a plný text  |u http://is.stuba.sk/zp/portal_zp.pl?podrobnosti=103583  |3 VAIS 
856 4 |a CRZP  |u https://opac.crzp.sk/?fn=detailBiblioForm&sid=CBD6E88493DC1C70E87638276299